[Event "FRA-chT1 1011"]
[Site "France"]
[Date "2010.11.13"]
[Round "2.4"]
[White "Blanc, Sebastien"]
[Black "Calin, Miguel"]
[Result "1-0"]
[WhiteElo "2106"]
[BlackElo "2026"]
[PlyCount "63"]
[EventDate "2010.10.17"]
[EventType "team-tourn"]
[EventRounds "11"]
[EventCountry "FRA"]
[SourceTitle "EXT 2012"]
[Source "ChessBase"]
[SourceDate "2011.11.24"]
[SourceVersion "1"]
[SourceVersionDate "2011.11.24"]
[SourceQuality "1"]

1. d4 d5 2. c4 Nc6 3. cxd5 Qxd5 4. e3 e5 5. Nc3 Bb4 6. Bd2 Bxc3 7. bxc3 exd4 8. cxd4 Nf6 9. Ne2 0-0 10. Nf4 Qd6 11. Be2 Re8 12. 0-0 g5 13. Nd3 Re4 14. f3 Rh4 15. g3 Rh3 16. Rf2 Rh6 17. Qc1 b6 18. a4 Nh5 19. Qa3 Qf6 20. Rc1 Bb7 21. d5 Ne5 22. Bc3 Qd6 23. Qxd6 cxd6 24. Nxe5 dxe5 25. e4 f6 26. Bb4 Rg6 27. Bb5 Rg7 28. Rfc2 a6 29. Bc6 Rc7 30. d6 Rxc6 31. Rxc6 Bxc6 32. Rxc6 1-0

[Event "FRA-chT2 0910"]
[Site "France"]
[Date "2009.11.22"]
[Round "4.3"]
[White "Blanc, Sebastien"]
[Black "Valles, Manuel"]
[Result "0-1"]
[WhiteElo "2128"]
[BlackElo "2200"]
[PlyCount "42"]
[EventDate "2009.09.27"]
[EventType "team-tourn"]
[EventRounds "11"]
[EventCountry "FRA"]
[SourceTitle "EXT 2011"]
[Source "ChessBase"]
[SourceDate "2010.11.26"]
[SourceVersion "1"]
[SourceVersionDate "2010.11.26"]
[SourceQuality "1"]

1. d4 Nf6 2. Nf3 g6 3. c4 Bg7 4. Nc3 0-0 5. e4 d6 6. Be2 e5 7. 0-0 Nc6 8. d5 Ne7 9. b4 Nh5 10. c5 Nf4 11. Nd2 f5 12. Bc4 Kh8 13. g3 Nh3+ 14. Kg2 Ng5 15. h4 Nxe4 16. Ncxe4 fxe4 17. Nxe4 Bf5 18. f3 h5 19. Ng5 e4 20. Be3 exf3+ 21. Rxf3 Bg4 0-1

[Event "Chamalieres op"]
[Site "Chamalieres"]
[Date "2009.10.28"]
[Round "7"]
[White "Claverie, Christophe"]
[Black "Blanc, Sebastien"]
[Result "1-0"]
[WhiteElo "2343"]
[BlackElo "2131"]
[PlyCount "41"]
[EventDate "2009.10.24"]
[EventType "swiss"]
[EventRounds "9"]
[EventCountry "FRA"]
[SourceTitle "EXT 2010"]
[Source "ChessBase"]
[SourceDate "2010.11.25"]
[SourceVersion "1"]
[SourceVersionDate "2010.11.25"]
[SourceQuality "1"]

1. Nf3 d5 2. e3 Nf6 3. c4 e6 4. d4 c6 5. Bd3 Nbd7 6. Nbd2 Be7 7. 0-0 0-0 8. b3 c5 9. Bb2 b6 10. Qe2 Bb7 11. Rac1 Ne4 12. cxd5 exd5 13. Ne5 Nxe5 14. dxe5 Qc8 15. f4 f5 16. exf6 Nxf6 17. Nf3 Qg4 18. Qc2 Ne4 19. Ne5 Qe6 20. Bxe4 dxe4 21. f5 1-0

[Event "FRA-chT2 South 0708"]
[Site "France"]
[Date "2007.12.16"]
[Round "4.3"]
[White "Blanc, Sebastien"]
[Black "Daumens, Michel"]
[Result "1/2-1/2"]
[WhiteElo "2137"]
[BlackElo "2205"]
[PlyCount "30"]
[EventDate "2007.10.21"]
[EventType "team"]
[EventRounds "11"]
[EventCountry "FRA"]
[SourceTitle "EXT 2009"]
[Source "ChessBase"]
[SourceDate "2008.11.26"]
[SourceVersion "1"]
[SourceVersionDate "2008.11.26"]
[SourceQuality "1"]
[WhiteTeam "Chamalieres"]
[BlackTeam "Echiquier Bordelais"]
[WhiteTeamCountry "FRA"]
[BlackTeamCountry "FRA"]

1. d4 Nf6 2. Nf3 e6 3. c4 b6 4. g3 Bb4+ 5. Bd2 Be7 6. Bg2 Bb7 7. 0-0 0-0 8. Bc3 Ne4 9. Qc2 Nxc3 10. Qxc3 f5 11. b4 c5 12. bxc5 bxc5 13. Qb3 Qc8 14. e3 d6 15. Nbd2 Nd7 1/2-1/2

[Event "FRA-chT2S 9798"]
[Site "France"]
[Date "1998.??.??"]
[Round "6"]
[White "Naumkin, Igor"]
[Black "Blanc, Sebastien"]
[Result "1-0"]
[WhiteElo "2410"]
[BlackElo "2080"]
[PlyCount "49"]
[EventDate "1997.??.??"]
[EventType "team"]
[EventRounds "9"]
[EventCountry "FRA"]
[SourceTitle "EXT 2003"]
[Source "ChessBase"]
[SourceDate "2002.11.25"]
[SourceVersion "1"]
[SourceVersionDate "2002.11.25"]
[SourceQuality "1"]

1. d4 g6 2. c4 Bg7 3. Nc3 c5 4. d5 f5 5. Qc2 Nf6 6. Nf3 0-0 7. g3 d6 8. Bg2 Na6 9. 0-0 Rb8 10. Nd2 Nc7 11. b3 e6 12. dxe6 Bxe6 13. Bb2 b5 14. Nxb5 Nxb5 15. cxb5 Rxb5 16. Rad1 Rb6 17. Nc4 Bxc4 18. Qxc4+ Kh8 19. Rd2 Qe7 20. Rfd1 Ne8 21. Ba3 Bd4 22. Rxd4 cxd4 23. Qxd4+ Qf6 24. Bb2 d5 25. Qd2 1-0

[Event "FRA-chT2S"]
[Site "France"]
[Date "1997.??.??"]
[Round "2"]
[White "Blanc, Sebastien"]
[Black "Delabaca, Romuald"]
[Result "0-1"]
[WhiteElo "2060"]
[BlackElo "1940"]
[PlyCount "68"]
[EventDate "1997.??.??"]
[EventType "team"]
[EventRounds "9"]
[EventCountry "FRA"]
[SourceTitle "EXT 2007"]
[Source "ChessBase"]
[SourceDate "2006.11.23"]
[SourceVersion "1"]
[SourceVersionDate "2006.11.23"]
[SourceQuality "1"]
[WhiteTeam "Oyonnax"]
[BlackTeam "Cannes"]
[WhiteTeamCountry "FRA"]
[BlackTeamCountry "FRA"]

1. d4 Nf6 2. c4 c5 3. d5 b5 4. cxb5 a6 5. b6 Qxb6 6. Nc3 d6 7. a4 g6 8. a5 Qb7 9. g3 Bg7 10. Bg2 0-0 11. Nf3 Bd7 12. 0-0 Bb5 13. Re1 Nbd7 14. h3 Ne8 15. Ng5 Nc7 16. f4 Rab8 17. e4 c4 18. Be3 Qc8 19. Re2 Na8 20. Kh2 Nc5 21. Bxc5 Qxc5 22. e5 Rfe8 23. Qc2 Nc7 24. Rf1 f5 25. e6 Rf8 26. Nf7 Be8 27. Rfe1 Nb5 28. Na4 Qb4 29. Nb6 Nd4 30. Qxc4 Qxc4 31. Nxc4 Nxe2 32. Rxe2 Bxf7 33. exf7+ Kxf7 34. Nb6 Rb7 0-1